"Second Best" Sport edition - Statistics

General Stats
  • This quiz has been taken 51 times
  • The average score is 8 of 16
Answer Stats
Sporting achievement First Second % Correct
Country with the most Olympic gold medals USA China
96%
Soccer player with the most goals scored Cristiano Ronaldo Lionel Messi
93%
Team with the most soccer world cup wins Brazil Germany/Italy
87%
NBA player with most points scored in a single game Wilt chamberlain Kobe Bryant
76%
NBA player with the most three-pointers made in a single game Klay Thompson Stephen Curry
73%
NFL player with the most passing touchdowns in a single season Peyton Manning Tom Brady
64%
Soccer team with the most UEFA Champions League titles Real Madrid AC Milan
58%
NFL player with the most Super Bowl MVP awards Tom Brady Eli Manning
56%
Soccer player with the most career Premier League goals Alan Shearer Wayne Rooney
49%
Soccer manager with the most Premier League Manager of the Year awards Sir Alex Ferguson José Mourinho
33%
Person who holds the highest peak Elo rating in chess history Magnus Carlsen Garry Kasparov
29%
MLB player with the most home runs in a single season Barry Bonds Mark McGwire
29%
NHL team with the most Stanley Cup championships Montreal Canadiens Toronto Maple Leafs
29%
Fastest recorded Olympic 100m sprint time Usain Bolt Tyson Gay
29%
MLB player with the most stolen bases in a single season Rickey Henderson Lou Brock
7%
NHL player with the most career points Wayne Gretzky Mark Messier
2%
No matching quizzes found
Score Distribution
Percent of People with Each Score
Percentile by Number Answered
Your Score History
You have not taken this quiz